Zimowi rekordziści skoczni w skokach narciarskich - Statystyki

Ogólne statystyki
  • Ten quiz został rozwiązany 78 razy
    58 od ostatniego zresetowania
  • Średni wynik to 27 z 87
Statystyki odpowiedzi
skocznia (rozmiar) rekord kraj rekordzisty skoczek % Poprawnych
Bischofshofen (HS 142) 145 m Polska Dawid Kubacki
98%
Bad Mitterndorm/Kulm (HS 235) 244 m Słowenia Peter Prevc
91%
Villach (HS 98) 99,5 m Polska Adam Małysz
72%
Garmisch-Partenkirchen (HS 142) 144 m Polska Dawid Kubacki
72%
Lahti (HS 100) 103,5 m Polska Kamil Stoch
70%
Seefeld (HS 109) 113 m Japonia Ryōyū Kobayashi
70%
Sapporo (HS 137) 148,5 m Polska Kamil Stoch
67%
Trondheim (HS 138) 146 m Polska Kamil Stoch
67%
Willingen (HS 147) 153 m Polska Klemens Murańka
67%
Innsbruck (HS 128) 138 m Austria Michael Hayböck
65%
Vikersund (HS 240) 253,5 m Austria Stefan Kraft
65%
Wisła (HS 134) 139 m Austria Stefan Kraft
65%
Predazzo (HS 135) 136 m Polska Adam Małysz
61%
Ruka/Kuusamo (HS 142) 147,5 m Austria Stefan Kraft
61%
Sapporo (HS 100) 102 m Polska Adam Małysz
59%
Pjongczang (HS 142) 143,5 m Japonia Ryōyū Kobayashi
59%
Planica (HS 240) 252 m Japonia Ryōyū Kobayashi
59%
Zakopane (HS 140) 147 m Japonia Yukiya Satō
59%
Titisee-Neustadt (HS 142) 148 m Słowenia Domen Prevc
57%
Harrachov (HS 142) 145,5 m Finlandia Janne Ahonen
57%
Lillehammer (HS 140) 146 m Szwajcaria Simon Ammann
57%
Predazzo (HS 104) 107,5 m Polska Adam Małysz
54%
Engelberg (HS 140) 144 m Słowenia Domen Prevc
54%
Oslo (HS 134) 144 m Norwegia Robert Johansson
54%
Oberstdorf (HS 235) 238,5 m Norwegia Daniel Andre Tande
52%
Lahti (HS 130) 138 m Norwegia Johann Andre Forfang
52%
Pjongczang (HS 109) 113,5 m Austria Stefan Kraft
52%
Park City (HS 134) 133,5 m Polska Adam Małysz
50%
Niżny Tagił (HS 134) 142,5 m Norwegia Robert Johansson
50%
Kuopio (HS 100) 106 m Szwajcaria Simon Ammann
48%
Planica (HS 138) 142 m Słowenia Peter Prevc
43%
Pragelato (HS 140) 144 m Szwajcaria Simon Ammann
43%
Liberec (HS 136) 139 m Finlandia Janne Ahonen
41%
Falun (HS 134) 135,5 m Niemcy Severin Freund
41%
Oberstdorf (HS 137) 144,5 m Norwegia Sigurd Pettersen
39%
Lillehammer (HS 98) 107,5 m Niemcy Karl Geiger
35%
Sarajewo (K 112) 116 m Finlandia Matti Nykänen
33%
Falun (HS 100) 97 m Niemcy Severin Freund
33%
Harrachov (HS 205) 214,5 m Austria Thomas Morgenstern
33%
Kuopio (HS 127) 136 m Norwegia Daniel Andre Tande
30%
Whistler (HS 140) 149 m Austria Gregor Schlierenzauer
30%
Rasnov (HS 98) 103 m Austria Gregor Schlierenzauer
30%
Ałmaty (HS 140) 141,5 m Niemcy Severin Freund
30%
Klinghental (HS 140) 146,5 m Niemcy Michael Uhrmann
28%
Chamonix (HS 105) 106,5 m Japonia Kazuyoshi Funaki
26%
Oslo (HS 106) 108 m Austria Thomas Morgenstern
24%
Soczi (HS 140) 140 m Niemcy Marinus Kraus
20%
Hakuba (HS 131) 137 m Japonia Takanobu Okabe
20%
Liberec (HS 100) 104,5 m Finlandia Harri Olli
17%
Soczi (HS 106) 108 m Czechy Lukas Hlava
17%
Pragelato (HS 106) 104,5 m Rosja Dimitry Vassiliev
15%
Oberhof (HS 100) 91 m Szwecja Jan Boklöv
15%
Hakuba (HS 98) 91,5 m Japonia Masahiko Harada
13%
Iron Mountain (HS 133) 140 m Japonia Masahiko Harada
13%
Sarajewo (K 90) 95 m Słowenia Primoz Ulaga
13%
Oberstdorf (HS 106) 101 m Słowenia Rok Benković
13%
Park City (HS 100) 99 m Niemcy Sven Hannawald
13%
Murau (HS 125) 123,5 m Japonia Takanobu Okabe
13%
Thunder Bay (K 90) 108 m Japonia Takanobu Okabe
11%
Yabuli (HS 140) 138,5 m Korea Południowa Hyun-Ki Kim
9%
Zakopane (HS 94) 82 m Polska Stanisław Bobak
9%
Thunder Bay (K 120) 137 m Norwegia Tommy Ingebrigtsen
9%
Yabuli (HS 100) 100 m Polska Marcin Bachleda
7%
Szczyrbskie Jezioro (HS 125) 123,5 m Szwajcaria Stephan Zünd
7%
Oberhof (HS 140) 133 m Austria Andreas Widhölzl
4%
Lake Placid (HS 125) 121,5 m Niemcy Dieter Thoma
4%
Courchevel (HS 96) 90,5 m Austria Martin Höllwarth
4%
Saint Nizier (K 112) 111 m Norwegia Roger Ruud
4%
Szczyrbskie Jezioro (HS 100) 91 m Norwegia Vegard Opaas
4%
Itonwood (HS 158) 154 m Austria Alois Lipburger
2%
Bollnäs (K 90) 91 m Finlandia Ari-Pekka Nikkola
2%
Meldal (HS 117) 111 m Norwegia Erik Johnsen
2%
Sankt Moritz (HS 100) 94,5 m Austria Ernst Vettori
2%
Cortina d'Ampezzo (K 90) 92 m Norwegia Roger Ruud
2%
Raufoss (HS 100) 89 m Szwajcaria Stephan Zünd
2%
Lake Placid (HS 100) 93 m Norwegia Vegard Opaas
2%
Ljubno (HS 94) 96,5 m Austria Daniela Iraschko-Stolz
0%
Borowec (K 90) 96 m Niemcy Heiko Hunger
0%
Raelingen (HS 95) 86 m Norwegia Hroar Stjernen
0%
Vuokatti (HS 100) 104 m Finlandia Jaakko Tallus
0%
Örnsköldsvik (HS 100) 94 m Japonia Kenji Suda
0%
Klinghental (HS 85) 86 m Niemcy Marcus Schneider
0%
Ałmaty (HS 106) 103,5 m Stany Zjednoczone Nita Englund
0%
Baerum (K 110) 114 m Norwegia Olav Hansson
0%
Zao (HS 102) 106 m Japonia Sara Takanashi
0%
Trondheim (HS 105) 105 m Japonia Sara Takanashi
0%
Kaipola (K 100) 111 m Finlandia Toni Nieminen
0%
Nie znaleziono quizów pasujących do podanych kryteriów
Rozkład punktacji
Procent ludzi z każdym wynikiem
Percentyl według liczby udzielonych odpowiedzi
Twoja historia wyników
Nie rozwiązałeś tego quizu od ostatniego zresetowania